书目信息 |
| 题名: |
追求公正:赵建平律师辩护与代理案例实录
|
|
| 作者: | 赵建平 著 | |
| 分册: | ||
| 出版信息: | 北京 大众文艺出版社 1999.09 |
|
| 页数: | 230页 | |
| 开本: | 32开 | |
| 丛书名: | ||
| 单 册: | ||
| 中图分类: | D926.5 | |
| 科图分类: | ||
| 主题词: | 法律--中国 | |
| 电子资源: | ||
| ISBN: | 7-80094-764-5 | |
| 000 | 00614nam0 2200193 45 | |
| 001 | 0104171184 | |
| 005 | 20010417113232.1 | |
| 010 | @a7-80094-764-5@d14.00元 | |
| 100 | @a20010417d1999 km y0chiy0120 ea | |
| 101 | 0 | @achi |
| 105 | @a z 000yy | |
| 200 | 1 | @a追求公正:赵建平律师辩护与代理案例实录@AZhui Qiu Gong Zheng:Zhao Jian Ping Lu Shi Bian Hu YuDai Li An Li Shi Lu@f赵建平著@FZhao Jian Ping Zhu |
| 210 | @a北京@c大众文艺出版社@d1999.09 | |
| 215 | @a230页@d32开 | |
| 606 | 0 | @a法律@x中国 |
| 690 | @aD926.5@v3 | |
| 701 | 0 | @a赵建平@4著 |
| 801 | @aCN@bPftUser@c20010417 | |
| 905 | @b339301-303@dD926.5@eZH685@f3 | |
| 追求公正:赵建平律师辩护与代理案例实录/赵建平著.-北京:大众文艺出版社,1999.09 |
| 230页;32开 |
| ISBN 7-80094-764-5:14.00元 |
| ● |
| 相关链接 |
|
|
|
正题名:追求公正:赵建平律师辩护与代理案例实录
索取号:D926.5/ZH685
 
预约/预借
| 序号 | 登录号 | 条形码 | 馆藏地/架位号 | 状态 | 备注 |
| 1 | 339301 | 203393014 | 社科库509/509社科库 105排1列4层/ [索取号:D926.5/ZH685] | 在馆 | |
| 2 | 339302 | 203393023 | 社科库509/509社科库 105排1列4层/ [索取号:D926.5/ZH685] | 在馆 | |
| 3 | 339303 | 203393032 | 社科库509/509社科库 105排1列4层/ [索取号:D926.5/ZH685] | 在馆 |